عرض عادي
عرض مارك
- التعليم الخاص
مدخل مصطلح موضوعي
001 - رقم الضبط
- حقل الضبط: 94639
003 - معرف رقم الضبط
- حقل الضبط: OSt
005 - تاريخ ووقت أخر عملية
- حقل الضبط: 20220720134509.0
008 - عناصر بيانات ثابتة الطول
- حقل تحكم ثابت الطول: 220720|| aca||aabn | a|a d
040 ## - مصدر الفهرسة
- هيئة الفهرسة الأصلية: OSt
- وكالة الكتابة: OSt
150 ## - مدخل-- مصطلح تاريخي
- عنصر مدخل المصطلح الموضوعي او الاسم الجغرافي: التعليم الخاص
670 ## - بيانات المصدر موجوده
- الاستشهاد بالمصدر: Work cat.: (OSt)80912: الجوالدة، فؤاد عيد 12475, التربية الخاصة المعاصرة /
